000 01076nam0a2200313 4500
001 RU\NLR\bibl\340129
005 20250621151133.0
010 _a80-85780-96-8
035 _a(NLR Aleph) 000335000
090 _a180616
_c180616
100 _a20021128d1999 |||y0rusy50 ca
101 0 _arus
_dcze
102 _aRU
105 _ay |||||||||
200 1 _aРусско-чешский технический словарь
_dRusko-českÝ technickÝ slovník
_fPhDr. Petr Wagner
_zcze
210 _aOstrava
_cMontanex
_d1999
215 _a1102 с.
_d21
510 0 _aRusko-českÝ technickÝ slovník
_zcze
606 0 _aРусский язык
_xСловари
_xЧешский язык
_91540558
_3RU\NLR\auth\66972842
606 0 _aТехника
_xСловари
_xЧешский язык
_92269390
_3RU\NLR\auth\661360270
686 _aШ141.12-434.1
686 _aШ141.51-434.2
686 _aЖ.я212.2
700 1 _aВагнер
_bП.
_gПетр
_4070
801 0 _aRU
_bNLR
_c20021128
_gPSBO
801 1 _aRU
_bNLR
_c20021128
942 _cBOOK
980 _aNB